European Airlines - Statistics

General Stats
  • This quiz has been taken 2,813 times
    2,026 since last reset
  • The average score is 9 of 33
Answer Stats
Hint Answer % Correct
IB Iberia
97%
KL KLM
93%
TP Air Portugal
89%
AF Air France
88%
BA British Airways
78%
LH Lufthansa
60%
LO LOT Polish Airlines
44%
EI Aer Lingus
39%
SK Scandinavian Airlines
39%
TK Turkish Airlines
31%
LX Swiss International Air Lines
27%
OS Austrian Airlines
24%
AZ Alitalia
23%
SU Aeroflot
20%
AY Finnair
19%
SN Brussels Airlines
18%
FI Icelandair
16%
RO TAROM
16%
OK CSA Czech Airlines
14%
BT Air Baltic
13%
LG Luxair
12%
KM Air Malta
11%
JU Air Serbia
10%
A3 Aegean Airlines
9%
OU Croatia Airlines
7%
JP Adria Airways
6%
B2 Belavia
6%
EE Nordica
5%
PS Ukraine International Airlines
5%
FB Bulgaria Air
4%
ED Air Explore
3%
9U Air Moldova
3%
JA B&H Airlines
2%
No matching quizzes found
Score Distribution
Percent of People with Each Score
Percentile by Number Answered
Your Score History
You have not taken this quiz since the last reset